<?xml version="1.0" encoding="UTF-8"?>
<record
    xmlns:xsi="http://www.w3.org/2001/XMLSchema-instance"
    xsi:schemaLocation="http://www.loc.gov/MARC21/slim http://www.loc.gov/standards/marcxml/schema/MARC21slim.xsd"
    xmlns="http://www.loc.gov/MARC21/slim">

  <leader>00807    a2200205   4500</leader>
  <controlfield tag="003">UA-OsUOA</controlfield>
  <controlfield tag="005">20260506134633.0</controlfield>
  <controlfield tag="008">260506b        un ||||| |||| 00| 0 ukr d</controlfield>
  <datafield tag="040" ind1=" " ind2=" ">
    <subfield code="a">UA-OsUOA</subfield>
    <subfield code="b">eng</subfield>
    <subfield code="c">UA-OsUOA</subfield>
    <subfield code="d">UA-OsUOA</subfield>
  </datafield>
  <datafield tag="041" ind1=" " ind2=" ">
    <subfield code="a">eng</subfield>
  </datafield>
  <datafield tag="080" ind1=" " ind2=" ">
    <subfield code="a">2-18</subfield>
  </datafield>
  <datafield tag="090" ind1=" " ind2=" ">
    <subfield code="a">2-18</subfield>
    <subfield code="b">O-61</subfield>
  </datafield>
  <datafield tag="245" ind1=" " ind2=" ">
    <subfield code="a">The Ontological Argument. From St. Anselm to Contemporary Philosophers </subfield>
    <subfield code="c">edited by Alvin Plantinga ; with an Introduction by Richard Taylor </subfield>
  </datafield>
  <datafield tag="260" ind1=" " ind2=" ">
    <subfield code="b">Anchor Books ;</subfield>
    <subfield code="b">Doubleday &amp; Company, Inc.</subfield>
    <subfield code="c">1965</subfield>
    <subfield code="a">Garden City, New York</subfield>
  </datafield>
  <datafield tag="300" ind1=" " ind2=" ">
    <subfield code="a">180 p.</subfield>
  </datafield>
  <datafield tag="650" ind1=" " ind2=" ">
    <subfield code="2"> UDC</subfield>
    <subfield code="a">2-18 &#x41B;&#x44E;&#x434;&#x438;&#x43D;&#x430;. &#x41B;&#x44E;&#x434;&#x441;&#x442;&#x432;&#x43E;. &#x420;&#x456;&#x434; &#x43B;&#x44E;&#x434;&#x441;&#x44C;&#x43A;&#x438;&#x439;. &#x414;&#x43E;&#x433;&#x43C;&#x430;&#x442;&#x438;&#x447;&#x43D;&#x430; &#x430;&#x43D;&#x442;&#x440;&#x43E;&#x43F;&#x43E;&#x43B;&#x43E;&#x433;&#x456;&#x44F;</subfield>
    <subfield code="9">25187</subfield>
  </datafield>
  <datafield tag="942" ind1=" " ind2=" ">
    <subfield code="c">BK</subfield>
    <subfield code="2">udc</subfield>
  </datafield>
  <datafield tag="955" ind1=" " ind2=" ">
    <subfield code="a">1</subfield>
  </datafield>
  <datafield tag="999" ind1=" " ind2=" ">
    <subfield code="c">580655</subfield>
    <subfield code="d">580655</subfield>
  </datafield>
  <datafield tag="952" ind1=" " ind2=" ">
    <subfield code="0">0</subfield>
    <subfield code="1">0</subfield>
    <subfield code="2">udc</subfield>
    <subfield code="4">0</subfield>
    <subfield code="7">0</subfield>
    <subfield code="a">300</subfield>
    <subfield code="b">300</subfield>
    <subfield code="d">2026-05-06</subfield>
    <subfield code="e">&#x2116;15/06.05.2026 (&#x406;&#x414;&#x423;&#x414;)</subfield>
    <subfield code="g">1.00</subfield>
    <subfield code="i">300868</subfield>
    <subfield code="l">0</subfield>
    <subfield code="o">2-18 O-61</subfield>
    <subfield code="p">300868</subfield>
    <subfield code="r">2026-05-06 13:53:19</subfield>
    <subfield code="v">1.00</subfield>
    <subfield code="w">2026-05-06</subfield>
    <subfield code="y">BK</subfield>
    <subfield code="z">&#x41E;&#x442;&#x440;&#x438;&#x43C;&#x430;&#x43D;&#x43E; &#x432; &#x434;&#x430;&#x440; &#x432;&#x456;&#x434; &#x420;&#x43E;&#x43C;&#x430;&#x43D;&#x430; &#x404;&#x440;&#x438;&#x43D;&#x44E;&#x43A;&#x430; ; &#x43C;&#x456;&#x441;&#x442;&#x438;&#x442;&#x44C; &#x430;&#x432;&#x442;&#x43E;&#x433;&#x440;&#x430;&#x444; "Roman Yereniuk"</subfield>
  </datafield>
</record>
